• 首页
  • 本馆介绍
  • 公告通知
  • 最新文献
  • 馆藏检索
  • 电子资源
  • 读者导购
  • 参考咨询
  • 我的图书馆
  • 登录
  • 详细信息显示
  • 放入我的书架
  • 预约/预借图书
  • 作者相关作品
  • 分类相关作品
  • 丛书相关作品
  • 出版社相关作品

书目信息

  • 表格格式
  • 工作单格式
  • 卡片格式
题名:
中国民族民间舞蹈音乐教程
    
 
作者: 裘柳钦 编著
分册:  
出版信息: 上海   上海音乐出版社  2004
页数: 419页
开本: 23cm
丛书名:
单 册:
中图分类: J618
科图分类:
主题词: 民间舞蹈--舞曲--中国--高等学校--教材 , 民族舞蹈--舞曲--中国--高等学校--教材 , 音乐--技术--理论 , 音乐--技术--方法
电子资源:
ISBN: 7-80667-551-5
000 01197nam0 2200289 450
001 TS2006037289
005 20070118141856.78
010    @a7-80667-551-5@dCNY44.00
100    @a20060829d2004 em y0chiy0120 ea
101 0  @achi@aeng
102    @aCN@b310000
105    @ag a 000yy
200 1  @a中国民族民间舞蹈音乐教程@AZhong Guo Min Zu Min Jian Wu Dao Yin Yue Jiao Cheng@dCourse of Chinese National and Folk Dance Music@f裘柳钦编著@FQiu Liu Qin Bian Zhu@zeng
210    @a上海@c上海音乐出版社@d2004
215    @a419页@c乐谱@d23cm
300    @a北京舞蹈学院“十五”规划教材 三、舞蹈音乐教材系列
320    @a有书目: (第412-413页)
330    @a本书论述了中国民族民间舞蹈音乐整体性的规律,分析了汉族及部分少数民族民间舞蹈音乐的特点、音乐来源与分类、鼓点的记谱法及其用法等,对建国以来不同时期创作的舞蹈精品的音乐进行了曲式分析。
510 1  @aCourse of Chinese National and Folk Dance Music@zeng
606 0  @a民间舞蹈@x舞曲@y中国@x高等学校@x教材
606 0  @a民族舞蹈@x舞曲@y中国@x高等学校@x教材
606 0  @a音乐@x技术@x理论
606 0  @a音乐@x技术@x方法
690    @aJ618@v4
701  0 @a裘柳钦@AQiu Liu Qin@4编著
801  0 @aCN@b中图数据@c20070118
905    @a10447@dJ618@e409
    
    中国民族民间舞蹈音乐教程=Course of Chinese National and Folk Dance Music/裘柳钦编著.-上海:上海音乐出版社,2004
    419页:乐谱;23cm
    北京舞蹈学院“十五”规划教材 三、舞蹈音乐教材系列
    
    ISBN 7-80667-551-5:CNY44.00
    本书论述了中国民族民间舞蹈音乐整体性的规律,分析了汉族及部分少数民族民间舞蹈音乐的特点、音乐来源与分类、鼓点的记谱法及其用法等,对建国以来不同时期创作的舞蹈精品的音乐进行了曲式分析。
●
相关链接 在E读中查询图书 在五车中查询图书 在当当中查询图书 在豆瓣中查询图书


正题名:中国民族民间舞蹈音乐教程     索取号:J618/409         预约/预借

序号 登录号 条形码 馆藏地/架位号 状态 备注
1 0608126   206081265   第一样本阅览室/ [索取号:J618/409] 在馆    
2 0608127   206081274   第一借阅区/ [索取号:J618/409] 在馆    
3 0608128   206081283   第一借阅区/ [索取号:J618/409] 在馆    
唐山师范学院图书馆 欢迎您!
大连网信软件有限公司© 版权所有